00418nam a22001457a 4500003000400000082001800004100002300022245002500045260002500070300000800095653003300103942001200136952010700148999001700255SGT a617.525bH26S aSachdev, Neelakshi aHair transplantation aGurugrambSGTUc2026 a202 aOral & Maxillofacial Surgery 2ddccTH 00102ddc4071aFDbFDcREFd2026-04-10l0o617.525 H26SpDT2673r2026-04-10 00:00:00w2026-04-10yTH c34617d34617